000 00379nam a2200157Ia 4500
999 _c10815
_d10815
008 191201s2006 xx 000 0 und d
082 _a338.9
_bTOE
100 _aTODARO, Michael P.
245 0 _aEconomic Development
250 _a12th
260 _aNew Delhi
_bPearson
_c2021
300 _a860
650 _aBA Economics
700 _aSMITH, Stephen C.
942 _2ddc
_cBK
_01